000 00304nam a22001337a 4500
008 170526b xxu||||| |||| 00| 0 eng d
020 _a9780419258605
041 _aeng
080 _23RD
_a621(075.8)
100 _a27
101 _aIM
245 _aCONSTRUCTION MATERIALS
_cILLSTON,J.M
942 _2udc
_cBK
999 _c14448
_d14448